Forest concession policies and revenue systems : Country experience and policy changes for sustainable tropical forestry

সংরক্ষণ করুন:
গ্রন্থ-পঞ্জীর বিবরন
প্রধান লেখক: Gray, John A.
বিন্যাস: গ্রন্থ
ভাষা:Undetermined
প্রকাশিত: Washington, D. C. The World Bank 2002
বিষয়গুলি:
ট্যাগগুলো: ট্যাগ যুক্ত করুন
কোনো ট্যাগ নেই, প্রথমজন হিসাবে ট্যাগ করুন!
Thư viện lưu trữ: Trung tâm Học liệu Trường Đại học Cần Thơ
LEADER 00583nam a2200193Ia 4500
001 CTU_61739
008 210402s9999 xx 000 0 und d
082 |a 333.75 
082 |b G778 
100 |a Gray, John A. 
245 0 |a Forest concession policies and revenue systems : 
245 0 |b Country experience and policy changes for sustainable tropical forestry 
245 0 |c John A. Gray 
260 |a Washington, D. C. 
260 |b The World Bank 
260 |c 2002 
650 |a Forest policy 
904 |i Minh,Hải 
980 |a Trung tâm Học liệu Trường Đại học Cần Thơ